Power tools pack, auto desk 3ds max 2013, ubuntu .12.04 (t (Record no. 139754)

000 -LEADER
fixed length control field 00276nmm a2200097Ia 4500
008 - FIXED-LENGTH DATA ELEMENTS--GENERAL INFORMATION
fixed length control field 220120s9999||||xx |||||||||||||||||und||
020 ## - INTERNATIONAL STANDARD BOOK NUMBER
International Standard Book Number 0-07-044580-X
100 ## - MAIN ENTRY--PERSONAL NAME
Personal name Chip
245 #0 - TITLE STATEMENT
Title Power tools pack, auto desk 3ds max 2013, ubuntu .12.04 (t
260 ## - PUBLICATION, DISTRIBUTION, ETC.
Place of publication, distribution, etc. Infomedia18
Name of publisher, distributor, etc. New Delhi
Holdings
Withdrawn status Lost status Damaged status Not for loan Home library Current library Date acquired Barcode Date last seen Price effective from Koha item type
        Central Library Central Library 01/20/2022 CD1305 01/20/2022 01/20/2022 Compact Disc

Powered by Koha